000 002540000a22000970004500
100 1 _aBantz, Jeffrey R.
245 1 0 _aTotal commitment
300 _aVol. 72, Num. 4 (Octubre-Diciembre, 1996), Página 16
773 0 _tLatin America Evangelist
942 _cANA
999 _c54675
_d54675